Meilleurs buteurs avec les sélections nationales membres de l'UEFA - Statistiques

Statistiques générales
  • Ce quiz a été pris 254 fois
  • Le résultat moyen est 9 sur 15
Statistiques - réponses
Nat. Période Joueur Buts % Correct
POR 2003 - ... Cristiano Ronaldo 128
100%
BEL 2010 - ... Romelu Lukaku 83
93%
FRA 2011 - ... Olivier Giroud 57
92%
ANG 2015 - ... Harry Kane 63
90%
ALL 1966 - 1974 Gerd Müller 68
84%
SUE 2001 - 2023 Zlatan Ibrahimović 62
83%
HUN 1945 - 1956 Ferenc Puskás 84
76%
ESP 2005 - 2017 David Villa 59
72%
ALL 2001 - 2014 Miroslav Klose 71
72%
IRL 1998 - 2016 Robbie Keane 68
54%
BIH 2007 - ... Edin Džeko 65
42%
SER 2013 - ... Aleksandar Mitrović 58
40%
CZE 1999 - 2009 Jan Koller 55
15%
HUN 1948 - 1956 Sándor Kocsis 75
10%
HUN 1906 - 27 Imre Schlosser 59
2%
Aucun quiz correspondant
Distribution des résultats
% des personnes avec chaque résultat
Percentile par nombre de réponses
Votre historique - résultats
Vous n’avez pas pris ce quiz